00625nam a2200205Ia 4500008004100000020001600041050000800057050001400065245004500079250002000124260001400144260002100158260000900179300001700188300004700205300001100252650002200263999001900285952011500304170203s9999 xx 000 0 und d a0 004489373 a912 bIl29 2000 aCollins illustrated atlas of the world / arevised edition aLondon :  bHarper Collins,  c2000 a183 pages :  bcolor illustrations, chiefly color maps ;  c32 cm. aAtlases, British. c305800d305800 001040aSSISBbSSISBc REFd2017-02-03l0oRef. 912 .Il29 2000pUS- 0680r2017-02-03 00:00:00w2017-02-03yBK